| 000 | 00856nam a22002657a 4500 | ||
|---|---|---|---|
| 005 | 20250819120336.0 | ||
| 008 | 250222b |||||||| |||| 00| 0 eng d | ||
| 020 | _a9798890109507 | ||
| 040 |
_beng _cURS _dURS _erda |
||
| 100 | 1 |
_aBaker, Steve _eauthor |
|
| 245 | 1 | 0 |
_aTourism management / _cSteve Baker |
| 264 | 1 |
_aCalifornia : _bTritech Digital Media, _c2024 |
|
| 300 | _a1 online resource | ||
| 336 |
_2rdacontent _atext _btxt |
||
| 337 |
_2rdamedia _acomputer _bc |
||
| 338 |
_2rda _aonline resource _bc |
||
| 500 | _aTitle from publisher's website | ||
| 504 | _aIncludes bibliographical references | ||
| 650 | 0 |
_aTourism _xManagement |
|
| 650 | 0 |
_aHospitality industry _xManagement |
|
| 650 | 0 | _aSustainable tourism | |
| 710 | _aTritech Digital Media | ||
| 856 | _uhttps://tdmebooks.com/book-detail.php?book_id=OTE2MA== | ||
| 942 |
_2lcc _cE-BOOK |
||
| 999 |
_c84114 _d84112 |
||